1628 1825 1677 1333 1136 1833 1210 1595 1073 1762 1875 1368 1655 1687 1244 1663 1549 1472 1691 1796 1919 1542 1794 1268 1722 1206 1732 1813 1486 1183 1597 1603 1333 1370 1881 1852 1795 1928 1532 1456 1225 1851 1237 1344 1162 1455 1373 1905 1133 1732 1441 1813 1979 1824 1937 1763 1943 1118 1276 1904 1990 1198 1416 1070 1377 1564 1386 1053 1117 1874 1157 1215 1250 1279 1796 1966 1541 1148 1266 1507 1021 1461 1448 1771 1391 1618 1281 1648 1166 1057 1110 1748 1186 1609 1115 1095 1186 1543 1070 BCNSPRNW ULIB Ver.6.0+V

เปลี่ยนเป็นภาษาไทย

Change to English
 แสดงรายละเอียดบรรณานุกรม
  กลับหน้าหลัก

Brief Record : Get Marc (ISO 2709) : E-mail record : QR code < ปิดหน้าต่าง
LEADER : 00000nam 2200000uu 4500
001    13399108801
003     ULIB
008    110315s2545||||th 000 0 tha d
060  4 W76^bพ361ค 2545
110 1  กระทรวงสาธารณสุข^bสถาบันพระบรมราชชนก
245 00 การประชุมวิชาการพัฒนากำลังคนด้านสุขภาพประจำปี2545 "การปฏิรูปการศึกษาวิทยาศาสตร์สุขภาพ:หลักสูตรและการเรียนรู้":แตกฉานการสอน/^cสาลิกา เมธนาวินและคณะ,บรรณาธิการ
260    นนทบุรี:^bสถาบันพระบรมราชชนก,^c2545
300    62 หน้า
650  7 การพัฒนากำลังคนด้านสุขภาพ^xการประชุม
700 0  สาลิกา เมธนาวินและคณะ,บรรณาธิการ
945    ^p0^l0^i016057
995    ทศพร
999 ^a ใช้งานได้ทุกระบบ
รายการนี้ยังไม่มีแท็ก
คุณยังไม่ได้ล็อกอิน คุณสามารถมีกิจกรรมร่วมกับเว็บไซต์ได้ แต่ต้องล็อกอินก่อน ::
  ล็อกอิน

รายการสื่อสารสนเทศ

ลำดับที่ ประเภท เลขเรียก/บาร์โค้ด สถานที่ สถานะ
- ไม่พบข้อมูล -

BibComment


ยังไม่เคยถูกคอมเมนท์

คอมเมนท์ทรัพยากรรายการนี้
  คอมเมนท์: การประชุมวิชาการพ..


 Copyright 2026. Bcnsprnw @Library